Noem in de juiste volgorde de 15 hoogste bergen in Oostenrijk - Statistieken

Algemene statistieken
  • Deze quiz is 15 keer genomen
  • De gemiddelde score is 2 van 15
Antwoordstatistieken
Hint Antwoord % Correct
3798 m Großglockner
100%
3657 m Großvenediger
33%
3768 m Wildspitze
22%
3599 m Similaun
11%
3721 m Glocknerwand
0%
3550 m Großer Ramolkogel
0%
3564 m Großes Wiesbachhorn
0%
3624 m Hinterer Brochkogel
0%
3624 m Hintere Schwärze
0%
3539 m Hochvernagtspitze
0%
3559 m Rainerhorn
0%
3537 m Schalfkogel
0%
3565 m Vorderer Brochkogel
0%
3533 m Watzespitze
0%
3738 m Weißkugel
0%
Geen overeenkomende quizzen gevonden
Scoreverdeling
Procent van Mensen met Elke Score
Percentiel versus Aantal Correcte Antwoorden
Uw Scoregeschiedenis
U heeft deze quiz nog niet genomen